000 00364nam a2200145Ia 4500
008 240126s9999 xx 000 0 und d
022 _a0974-7621
041 _aEnglish
082 _aLIBRARY-MBA
245 0 _aGyan Management
260 _bGian Jyoti Institute of management & technology
_aPunjab
440 _aNULL
650 _aGyan,Management
942 _cJN
999 _c278416
_d278416